Historička československé demokracie k životnímu jubileu Evy Broklové

Bibliographic Details
Other Authors: Tomeš, Josef, 1954- (Editor), Vašek, Richard, 1972- (Editor)
Format: Book
Language:Czech
PhysicalDescription:229 s. fotogr., ilustr., portréty 21 cm
Published: Praha Masarykův ústav a Archiv AV ČR 2014
ISBN:9788087782224
Series:Ad honorem eruditorum
Subjects:

MARC

LEADER 00000cam a2200000 a 4500
001 vtls010600594
003 SK-MaSNL
005 20260302023644.0
008 180601s2014 xr oac g 001 0dcze
015 |a SNBZSA2014-002282 
020 |a 9788087782224  |q (brož.) 
035 |a C5926451-9EE5-4882-9F5F-011CAF75AE04 
035 |a urn:nbn:sk:snk-am3h5f7 
035 |a urn:nbn:sk:snk-am008ygv 
040 |a SNK  |b slo  |c SNK  |e AACR2 
041 0 |a cze  |b eng  |b fre 
044 |a xr  |c CZ 
072 7 |a 94(437)  |x Dejiny Česka a Slovenska  |2 konspekt 
080 |a 32(091)  |2 2001 
080 |a 93/94  |2 2001 
080 |a 323  |2 2001 
080 |a (437.3)  |2 2001 
080 |a (437)  |2 2001 
080 |a (082)  |2 2001 
080 |a (082.2)  |2 2001 
245 0 0 |a Historička československé demokracie  |b k životnímu jubileu Evy Broklové  |c [ediční příprava a redakce: Josef Tomeš, Richard Vašek] 
260 |a Praha  |b Masarykův ústav a Archiv AV ČR  |c 2014 
300 |a 229 s.  |b fotogr., ilustr., portréty  |c 21 cm 
490 1 |a Ad honorem eruditorum ;  |v sv. 1 
504 |a Bibliogr. odkazy ; reg. 
546 |a Res. angl. a franc. 
648 7 |a 19.-20. stor.  |2 SNKPH  |9 268609 
648 7 |a 19th-20th centuries  |2 SNKPHeng  |9 282960 
650 0 7 |a politické dejiny  |2 SNKPH  |9 69271 
650 0 7 |a Political history  |2 SNKPHeng  |9 277990 
651 7 |a Česko  |x dejiny  |2 SNKPH  |9 58420 
651 7 |a Československo  |x dejiny  |2 SNKPH  |9 161432 
651 7 |a Czechia  |x History  |2 SNKPHeng  |9 170109 
651 7 |a Czechoslovakia  |x History  |2 SNKPHeng  |9 125910 
655 7 |a zborníky  |2 SNKPH  |9 70165 
655 7 |a jubilejné publikácie  |2 SNKPH  |9 70339 
655 7 |a Miscellanea  |2 SNKPHeng  |9 265155 
655 7 |a Jubilee books  |2 SNKPHeng  |9 281827 
700 1 |a Tomeš, Josef,  |d 1954-  |4 edt  |9 125789 
700 1 |a Vašek, Richard,  |d 1972-  |4 edt  |9 116720 
830 0 |a Ad honorem eruditorum  |9 337435 
919 |a 978-80-87782-22-4 
958 |a ZS 
958 |a SK 
958 |a CZ 
958 |a NB 
958 |a BX 
999 |c 1037388  |d 1039318 
952 |a SNK  |b SNK  |y PREZ  |7 0  |p 17A1113647  |o snkSC 160352  |i snk2014/15597  |8 4  |g 7.68  |0 0  |1 0  |4 0  |d 2014-06-03  |f 1  |l 0  |r 2025-08-22 00:00:00  |w 2026-02-24 
952 |a SNK  |b SNK  |y VYP  |7 0  |p 17A1113967  |o snkSC 160352 D1  |i snk2014/16073  |8 2  |g 7.22  |0 0  |1 0  |4 0  |d 2014-06-23  |l 0  |r 2026-02-24 14:13:31  |w 2026-02-24